Under his wings: (Record no. 14142)

000 -LEADER
fixed length control field 00954nam a2200253 a 4500
001 - CONTROL NUMBER
control field :::00011966$&:&@@
003 - CONTROL NUMBER IDENTIFIER
control field OkBaRHE
005 - DATE AND TIME OF LATEST TRANSACTION
control field 20100402121103.0
008 - FIXED-LENGTH DATA ELEMENTS--GENERAL INFORMATION
fixed length control field s1985 j 000 0 eng u
040 ## - CATALOGING SOURCE
Transcribing agency
100 1# - MAIN ENTRY--PERSONAL NAME
Personal name Montgomery, Carrie Judd.
245 10 - TITLE STATEMENT
Title Under his wings:
Remainder of title the story of my life.
260 ## - PUBLICATION, DISTRIBUTION, ETC. (IMPRINT)
Place of publication, distribution, etc New York
Name of publisher, distributor, etc Garland Pub.
Date of publication, distribution, etc 1985
300 ## - PHYSICAL DESCRIPTION
Extent 256, 163, [1] p. ;
Dimensions 23 cm.
490 0# - SERIES STATEMENT
Series statement The higher Christian life.
650 ## - SUBJECT ADDED ENTRY--TOPICAL TERM
Topical term or geographic name as entry element Divine Healing
650 ## - SUBJECT ADDED ENTRY--TOPICAL TERM
Topical term or geographic name as entry element Holiness Churches
General subdivision United States
-- Biography
650 ## - SUBJECT ADDED ENTRY--TOPICAL TERM
Topical term or geographic name as entry element Montgomery, Carrie Judd
650 ## - SUBJECT ADDED ENTRY--TOPICAL TERM
Topical term or geographic name as entry element Pentecostals
General subdivision United States
-- Biography
700 ## - ADDED ENTRY--PERSONAL NAME
Personal name Montgomery, Carrie Judd. Prayer of faith. 1985.
942 ## - ADDED ENTRY ELEMENTS (KOHA)
Source of classification or shelving scheme
Koha item type Books
Copies
Price effective from Koha item type Shelving location Not for loan Total Checkouts Damaged status Date checked out Date acquired Lost status Total Renewals Barcode Full call number Permanent Location Copy number Date last seen Current Location Source of classification or shelving scheme Withdrawn status
2010-04-14BooksGeneral Stacks 1 2018-12-192010-04-14  11966BX 8762 .Z8 M668 1985RHEMA Bible Training College12019-01-07RHEMA Bible Training College  
2010-04-14BooksGeneral Stacks 1 2018-11-162010-04-14 115351BX 8762 .Z8 M668 1985RHEMA Bible Training College22018-12-07RHEMA Bible Training College